| 000 | 00387nam a2200145Ia 4500 | ||
|---|---|---|---|
| 005 | 20250313110433.0 | ||
| 008 | 240331s9999 xx 000 0 und d | ||
| 082 |
_bGNA _a894 |
||
| 100 | _aGnani, | ||
| 245 | 0 | _aTamizhil naveenathuvam, pin naveenathuvam | |
| 260 |
_aBangalore _bKaaya _c1997 |
||
| 300 | _a190 p ., | ||
| 500 | _aA book of Modernism and Post Modernism in Tamil | ||
| 942 | _cL | ||
| 999 |
_c3966 _d3966 |
||